Countries Most Similar To Algeria - Statistics

General Stats
  • This quiz has been taken 146 times
  • The average score is 14 of 20
Answer Stats
Rank Country Score % Correct
1 Morocco 82.1
97%
2 Tunisia 81.9
96%
4 Libya 79
94%
3 Egypt 79.7
93%
9 Saudi Arabia 70.3
82%
7 Syria 75.3
77%
8 Mauritania 74.5
76%
10 Oman 68.6
73%
11 Yemen 68.2
71%
6 Iraq 75.8
70%
5 Jordan 77
70%
19 Qatar 64.5
70%
16 Sudan 67.1
68%
15 Lebanon 67.4
67%
18 UAE 65.3
65%
12 Iran 67.7
62%
17 Kuwait 66.2
62%
20 Bahrain 63.8
57%
13 Palestine 67.6
55%
14 Djibouti 67.4
27%
No matching quizzes found
Score Distribution
Percent of People with Each Score
Percentile by Number Answered
Your Score History
You have not taken this quiz